<?xml version="1.0" encoding="UTF-8"?>
<record
    xmlns:xsi="http://www.w3.org/2001/XMLSchema-instance"
    xsi:schemaLocation="http://www.loc.gov/MARC21/slim http://www.loc.gov/standards/marcxml/schema/MARC21slim.xsd"
    xmlns="http://www.loc.gov/MARC21/slim">

  <leader>00977cam a2200289 a 4500</leader>
  <controlfield tag="001">000002825</controlfield>
  <controlfield tag="005">20260521134322.0</controlfield>
  <controlfield tag="008">881222s1993    sp       b    001 mcspa  </controlfield>
  <datafield tag="020" ind1=" " ind2=" ">
    <subfield code="a">8485978188</subfield>
  </datafield>
  <datafield tag="040" ind1=" " ind2=" ">
    <subfield code="a">DO-SdBNP</subfield>
    <subfield code="b">spa</subfield>
    <subfield code="c">BNPHU</subfield>
  </datafield>
  <datafield tag="082" ind1=" " ind2=" ">
    <subfield code="a">866.08</subfield>
    <subfield code="b">C961z</subfield>
  </datafield>
  <datafield tag="245" ind1="0" ind2="0">
    <subfield code="a">Cuadernos de Zenobia y Juan Ram&#xF3;n /</subfield>
    <subfield code="c">editor Arturo del Villar.</subfield>
  </datafield>
  <datafield tag="260" ind1=" " ind2=" ">
    <subfield code="a">Madrid :</subfield>
    <subfield code="b">Los Libros de Fausto,</subfield>
    <subfield code="c">1993.</subfield>
  </datafield>
  <datafield tag="300" ind1=" " ind2=" ">
    <subfield code="a">95 p. ;</subfield>
    <subfield code="c">21 cm.</subfield>
  </datafield>
  <datafield tag="504" ind1=" " ind2=" ">
    <subfield code="a">Incluye referencias bibliogr&#xE1;ficas</subfield>
  </datafield>
  <datafield tag="650" ind1=" " ind2="4">
    <subfield code="a">Cartas</subfield>
    <subfield code="x">Colecciones</subfield>
    <subfield code="9">8880</subfield>
  </datafield>
  <datafield tag="650" ind1=" " ind2="4">
    <subfield code="a">Relatos</subfield>
    <subfield code="9">8943</subfield>
  </datafield>
  <datafield tag="650" ind1=" " ind2="0">
    <subfield code="a">Ensayos</subfield>
    <subfield code="9">8059</subfield>
  </datafield>
  <datafield tag="600" ind1="1" ind2="4">
    <subfield code="a">JIM&#xC9;NEZ, JUAN RAM&#xD3;N</subfield>
    <subfield code="d">1881-1958.</subfield>
    <subfield code="9">8944</subfield>
  </datafield>
  <datafield tag="600" ind1="1" ind2="4">
    <subfield code="a">CAMPRU&#xCD; DE JIM&#xC9;NEZ, ZENOBIA</subfield>
    <subfield code="d">1887-1956</subfield>
    <subfield code="9">8945</subfield>
  </datafield>
  <datafield tag="650" ind1=" " ind2="4">
    <subfield code="a">Autores espa&#xF1;oles</subfield>
    <subfield code="y">SIGLO 20</subfield>
    <subfield code="x">Biograf&#xED;a</subfield>
    <subfield code="9">8946</subfield>
  </datafield>
  <datafield tag="650" ind1=" " ind2="4">
    <subfield code="a">Poes&#xED;a espa&#xF1;ola</subfield>
    <subfield code="9">631</subfield>
  </datafield>
  <datafield tag="700" ind1="1" ind2=" ">
    <subfield code="a">Camprub&#xED; de Jim&#xE9;nez, Zenobia.</subfield>
    <subfield code="9">8947</subfield>
  </datafield>
  <datafield tag="700" ind1="1" ind2=" ">
    <subfield code="a">Jim&#xE9;nez, Juan Ram&#xF3;n</subfield>
    <subfield code="d">1881-1958.</subfield>
    <subfield code="9">8948</subfield>
  </datafield>
  <datafield tag="700" ind1="1" ind2=" ">
    <subfield code="a">Villar, Arturo del</subfield>
    <subfield code="d">1944-</subfield>
    <subfield code="e">ed.</subfield>
    <subfield code="9">8949</subfield>
  </datafield>
  <datafield tag="049" ind1=" " ind2=" ">
    <subfield code="a">BNGR</subfield>
  </datafield>
  <datafield tag="952" ind1=" " ind2=" ">
    <subfield code="0">0</subfield>
    <subfield code="1">0</subfield>
    <subfield code="5">2</subfield>
    <subfield code="7">0</subfield>
    <subfield code="8">MO</subfield>
    <subfield code="a">GR</subfield>
    <subfield code="b">GR</subfield>
    <subfield code="c">CT</subfield>
    <subfield code="d">2009-07-03</subfield>
    <subfield code="i">LF1</subfield>
    <subfield code="l">0</subfield>
    <subfield code="o">866.08 C961z</subfield>
    <subfield code="p">2825-10</subfield>
    <subfield code="r">2020-06-25</subfield>
    <subfield code="w">2020-06-25</subfield>
    <subfield code="y">2</subfield>
    <subfield code="Z">Pr&#xE9;stamo interno</subfield>
  </datafield>
  <datafield tag="999" ind1=" " ind2=" ">
    <subfield code="c">2659</subfield>
    <subfield code="d">2659</subfield>
  </datafield>
</record>
